Préfecture les plus petites - Statistiques

Statistiques générales
  • Ce quiz a été pris 96 fois
  • Le résultat moyen est 13 sur 20
Statistiques - réponses
Hint Réponse % Correct
12 889 Guéret
88%
12 227 Mende
84%
8 363 Privas
78%
9 452 Foix
75%
25 531 Aurillac
74%
14 705 Tulle
71%
22 200 Auch
70%
19 061 Le-Puy-en-Velay
68%
24 319 Rodez
64%
19 907 Cahors
62%
16 333 Digne-les-Bains
61%
19 563 Moulins
59%
14 973 Vesoul
58%
14 733 Bar-le-Duc
57%
21 990 Chaumont
54%
24 710 Laon
54%
25 775 Alençon
52%
17 320 Lons-le-Saunier
52%
19 024 Saint-Lô
48%
10 046 Basse-Terre
45%
Aucun quiz correspondant
Distribution des résultats
% des personnes avec chaque résultat
Percentile par nombre de réponses
Votre historique - résultats
Vous n’avez pas pris ce quiz